000 00364 a2200157 4500
001 180996
020 _a
040 _cMagnum
100 _aUrsi, Amalia
240 1 0 _aSinais da presenca de deus em nos 5 serie
_lpor
245 1 0 _aSinais da presenca de deus em nos 5 serie
362 0 _a1899
440 1 _aLoyola
697 _aMAGNITO: RELIGIAO
942 _cBK
999 _c180996
_d180996